000 01963nam a2200421 c 4500
003 BLK
005 20230124144424.0
008 180409b bul|||||r ||||||| ||bul||
010 _aKNG00123840000
020 _a978-954-527-445-9
_bиздат.: Дамян Яков
040 _aBLK
041 _aBUL
_cBUL
072 7 _2bullib
_aН15
_xПсихология Н
080 _aЛюбов. Дружба. Привързаност. Флирт
_b177.6
_x(02.062)
_z177.6(02.062)
080 _aЕтика на съпружеските отношения. Брак. Развод. Вж и 347.6
_b173.1
_x(02.062)
_z173.1(02.062)
080 _aПсихология на пола
_b159.922.1
_x(02.062)
_z159.922.1(02.062)
100 1 _aДе Анджелис, Барбара
_eпърви автор
_9244195
700 1 _aЛазарова, Анжела
_eпрев. от англ.
_9364102
139 _aДе Анджелис, Барбара
_bД 30
245 1 0 _aТи ли си най-подходящият за мен
_cБарбара Де Анджелис; прев. от англ. Анжела Лазарова.
250 _a2. изд.
257 _aUSA
260 София
_bДамян Яков
_c2009
_fВ. Търново : Абагар
300 _a568 с.
_c20 см
380 _a1
500 _aОриг. загл. Are you the one for me / Barbara De Angelis. - 1. изд. 1994 г. - Пълното име на прев. е Анжела Лазарова-Петрова. В кн. погрешно означ. Анджела Лазарова.
650 4 _aЛюбов - психология и етика
_9264919
650 4 _aСемейство - психология
_9269906
653 _aприложна психология
653 _aсемейна етика
653 _aлюбов
659 _aН
852 _aЦб 252108
856 4 _qpdf
_u
856 4 _qpdf
_u
942 _cKNG
_n0
_04
944 _aCR
_c23.06.2011
_kГеновева_Генчева
944 _aED
_c21.10.2011
_k
999 _c118238
_d118238